Sklenená píšťalka

Bibliographic Details
Main Author: Droppa, Boris, 1934-2004 (Author)
Format: Article
Language:Slovak
ISSN:0139-911X
Subjects:

MARC

LEADER 00000nab a2200000 a 4500
001 vtls010463204
003 SK-MaSNL
005 20260303093928.0
008 121024 2012xo m 000 0 slo
015 |a SNKBRB 2012/10 
038 |a KEKMK 
040 |a KEKMK  |b slo  |c KEKMK  |e AACR2 
041 |a slo 
044 |a xo  |c SK 
100 1 |a Droppa, Boris,  |d 1934-2004  |4 aut  |9 92725 
245 1 0 |a Sklenená píšťalka  |c Boris Droppa 
650 0 7 |a literatúra pre deti a mládež  |2 kekmk  |9 21893 
773 |t Slniečko  |g Roč.55, č. 5 (január 2001), s.16  |x 0139-911X 
958 |a DB 
999 |c 1817985  |d 1819915